Una Muchacha anticuada / (Registro nro. 13290)
[ vista simple ]
| 000 -LEADER | |
|---|---|
| fixed length control field | 00889nam a22002657a 4500 |
| 003 - CONTROL NUMBER IDENTIFIER | |
| control field | DO-SdBNP |
| 005 - DATE AND TIME OF LATEST TRANSACTION | |
| control field | 20180214110941.0 |
| 008 - FIXED-LENGTH DATA ELEMENTS--GENERAL INFORMATION | |
| fixed length control field | 180214b 1971 sp ||||| |||| 00| 0 sp a d |
| 040 ## - CATALOGING SOURCE | |
| Original cataloging agency | BPMSU |
| Language of cataloging | spa |
| Transcribing agency | BPMSU |
| 100 1# - MAIN ENTRY--PERSONAL NAME | |
| Personal name | Alcott, Louisa May, |
| Dates associated with a name | (1832-1888) |
| 240 10 - UNIFORM TITLE | |
| Uniform title | <a href="An old-fashioned girl.">An old-fashioned girl.</a> |
| Language of a work | Español |
| 245 10 - TITLE STATEMENT | |
| Title | Una Muchacha anticuada / |
| Statement of responsibility, etc. | Louise May Alcott ; [traducción: Antonio Sanz Beneded ; ilustraciones interiores: José Mir Panareda] |
| 250 ## - EDITION STATEMENT | |
| Edition statement | [4a. ed.] |
| 260 ## - PUBLICATION, DISTRIBUTION, ETC. (IMPRINT) | |
| Place of publication, distribution, etc. | Barcelona : |
| Name of publisher, distributor, etc. | Bruguera, |
| Date of publication, distribution, etc. | [1971]. |
| 300 ## - PHYSICAL DESCRIPTION | |
| Extent | 255 p. : |
| Other physical details | il. ; |
| Dimensions | 19 cm. |
| 490 1# - SERIES STATEMENT | |
| Series statement | Historias selección |
| 490 1# - SERIES STATEMENT | |
| Series statement | Mujercitas |
| Volume/sequential designation | 9 |
| 700 ## - ADDED ENTRY--PERSONAL NAME | |
| Personal name | Sanz Beneded, Antonio, |
| Relator term | trad. |
| 700 12 - ADDED ENTRY--PERSONAL NAME | |
| Personal name | Mir Panareda, José, |
| Relator term | il. |
| 830 #0 - SERIES ADDED ENTRY--UNIFORM TITLE | |
| Name of part/section of a work | Historias selección |
| 830 #0 - SERIES ADDED ENTRY--UNIFORM TITLE | |
| Name of part/section of a work | Mujercitas |
| Volume number/sequential designation | 9 |
| 942 ## - ADDED ENTRY ELEMENTS (KOHA) | |
| Source of classification or shelving scheme | Dewey Decimal Classification |
| Koha item type | Libros |
| 945 ## - LOCAL PROCESSING INFORMATION (OCLC) | |
| a | Inventariado, 2018 /LP |
| 956 ## - LOCAL ELECTRONIC LOCATION AND ACCESS (OCLC) | |
| Host name | LOPEREZ |
| Access number | 10 |
| Compression information | 20180214 |
| Processor of request | BPMSU |
| Withdrawn status | Lost status | Source of classification or shelving scheme | Damaged status | Not for loan | Collection code | Home library | Current library | Date acquired | Source of acquisition | Total Checkouts | Barcode | Date last seen | Price effective from | Koha item type |
|---|---|---|---|---|---|---|---|---|---|---|---|---|---|---|
| Dewey Decimal Classification | Colección General | Biblioteca Pública Metropolitana Salomé Ureña | Biblioteca Pública Metropolitana Salomé Ureña | 02/14/2018 | Donación | BPMET18020145 | 02/14/2018 | 02/14/2018 | Libros |